Visualizzazione normale
Vista MARC
- Deep Purple
di Personal Name
Records bibliografici associati: 1
001 - CONTROL NUMBER
- control field: 30282
003 - CONTROL NUMBER IDENTIFIER
- control field: IT-RoPau
005 - DATE AND TIME OF LATEST TRANSACTION
- control field: 20140617214334.0
008 - FIXED-LENGTH DATA ELEMENTS
- fixed length control field: 140617|| aca||aabn | a|a d
040 ## - CATALOGING SOURCE
- Original cataloging agency: IT-RoPau
- Transcribing agency: IT-RoPau
100 ## - HEADING--PERSONAL NAME
- Personal name: Deep Purple
- Miscellaneous information: Codice interprete SPICS: 11400
- Relator term: Interprete
670 ## - SOURCE DATA FOUND
- Source citation: Work cat.: (IT-RoPau)101486: Deep Purple 30278, House of Blue Light (The)